000 00726nam a2200205Ia 4500
005 20250103123329.0
008 008 250103s9999 xx 000 0 hin d
020 _a978-81-7119-795-8
037 _aTB
040 _aCRL
_bhin
_cCRL
041 _ahin
_2hin
084 _aNW44,P 152Q4;R2
_qCRL
100 _aओझा, अनुपम, ले.
245 0 _aभारतीय सिने - सिद्धान्त
_cओझा, अनुपम, ले.
260 _aनई दिल्ली, भारत
_bराधाकृष्ण प्रकाशन
_c2022
300 _a230पृ0
650 _aललित कला
_9156314
942 _cTB
_hNW44,P 152Q4;R2
999 _c1234393
_d1234393